Central Library OPAC University of Rajshahi

The Transfer of Property Act / (Record no. 60879)

MARC details
000 -LEADER
fixed length control field 00754nam a2200241 a 4500
001 - CONTROL NUMBER
control field 60879
003 - CONTROL NUMBER IDENTIFIER
rucl marc code BD-RjUL
005 - DATE AND TIME OF LATEST TRANSACTION
control field 20211209080907.0
008 - FIXED-LENGTH DATA ELEMENTS--GENERAL INFORMATION
fixed length control field 170104s1949 ii 001 0 eng
035 ## - SYSTEM CONTROL NUMBER
System control number (BD-RjUL)61003
040 ## - CATALOGING SOURCE
Original cataloging agency DLC
Transcribing agency DLC
Language of cataloging eng
Modifying agency BD-RjUL
041 ## - LANGUAGE CODE
Language code of text/sound track or separate title eng
082 00 - DEWEY DECIMAL CLASSIFICATION NUMBER
Classification number 346.04
Edition number 23
Author mark and year MUT 1949
100 ## - MAIN ENTRY--PERSONAL NAME
Personal name Mulla, Dinshah Farduyi
9 (RLIN) 181499
245 14 - TITLE STATEMENT
Title The Transfer of Property Act /
Statement of responsibility, etc. Dinshah Farduyi Mulla
260 ## - PUBLICATION, DISTRIBUTION, ETC. (IMPRINT)
Place of publication, distribution, etc. Calcutta :
Name of publisher, distributor, etc. Eastern Law House,
Date of publication, distribution, etc. 1949.
300 ## - PHYSICAL DESCRIPTION
Pagination cxxvi, 886 p. ;
Size 25 cm.
500 ## - GENERAL NOTE
General note Include index
650 ## - SUBJECT ADDED ENTRY--TOPICAL TERM
Topical term or geographic name as entry element Vendors and purchasers
Geographic subdivision Pakistan.
9 (RLIN) 181500
Topical term or geographic name as entry element Land titles
General subdivision Registration and transfer
Geographic subdivision Pakistan.
9 (RLIN) 181501
Topical term or geographic name as entry element Transfer (Law)
Geographic subdivision Pakistan.
9 (RLIN) 181502
942 ## - ADDED ENTRY ELEMENTS (KOHA)
Source of classification or shelving scheme Dewey Decimal Classification
Koha item type Books
Holdings
Lost status Source of classification or shelving scheme Damaged status Not for loan Collection code Permanent Location Current Location Shelving location Date acquired Source of acquisition Cost, normal purchase price Total Checkouts Full call number Date last seen Copy number Koha item type
  Dewey Decimal Classification     Non-fiction Central Library, University of Rajshahi Central Library, University of Rajshahi Reading Room 26/08/1972 Law book House 25.00   346.04 MUT 1949 04/01/2017 C-1 Books